书目信息 |
| 题名: |
在马热拉尼
|
|
| 作者: | 凡尔纳, 著 ;宋学智 译 | |
| 分册: | ||
| 出版信息: | 桂林 广西师范大学出版社 2002 |
|
| 页数: | 191页 | |
| 开本: | 20cm | |
| 丛书名: | 法兰西书库 | |
| 单 册: | ||
| 中图分类: | I565.44 | |
| 科图分类: | ||
| 主题词: | 长篇小说--法国--近代 | |
| 电子资源: | ||
| ISBN: | 7-5633-3577-3 | |
| 000 | 00963nam 2200265 450 | |
| 001 | 192004001137 | |
| 005 | 20070906155533.25 | |
| 010 | @a7-5633-3577-3@dCNY14.80 | |
| 100 | @a20070531d2002 ekmy0chiy0121 ea | |
| 101 | 1 | @achi@cfre |
| 102 | @aCN@b450000 | |
| 105 | @ay z 000ay | |
| 200 | 1 | @a在马热拉尼@Azai ma re la ni@f(法) 儒勒·凡尔纳著@g宋学智译 |
| 210 | @a桂林@c广西师范大学出版社@d2002 | |
| 215 | @a191页@d20cm | |
| 225 | 2 | @a法兰西书库@Afa lan xi shu ku@i新发现的凡尔纳 |
| 330 | @a本书讲述了一个“向一切人类情感关闭了心扉”的男人,在生存的现实环境下和一次次重大事件面前,从一个既不相信主子也不相信上帝的自由主义者和无神论者,一步步变成了一个凌驾众人之上的主子和一个呼唤上帝的人。 | |
| 410 | 0 | @12001 @a新发现的凡尔纳 |
| 410 | 0 | @12001 @a法兰西书库 |
| 606 | 0 | @a长篇小说@y法国@z近代 |
| 690 | @aI565.44@v4 | |
| 701 | 1 | @a凡尔纳,@Afan er na,@e法@4著 |
| 702 | 0 | @a宋学智@Asong xue zhi@4译 |
| 801 | 0 | @aCN@c20070906 |
| 905 | @dI565.44@eF0489 | |
| 在马热拉尼/(法) 儒勒·凡尔纳著/宋学智译.-桂林:广西师范大学出版社,2002 |
| 191页;20cm.-(法兰西书库.新发现的凡尔纳) |
| ISBN 7-5633-3577-3:CNY14.80 |
| 本书讲述了一个“向一切人类情感关闭了心扉”的男人,在生存的现实环境下和一次次重大事件面前,从一个既不相信主子也不相信上帝的自由主义者和无神论者,一步步变成了一个凌驾众人之上的主子和一个呼唤上帝的人。 |
| ● |
| 相关链接 |
|
|
|
正题名:在马热拉尼
索取号:I565.44/F0489
 
预约/预借
| 序号 | 登录号 | 条形码 | 馆藏地/架位号 | 状态 | 备注 |
| 1 | 621718 | 206217182 | 文学库116/116文学库 23排4列4层/ [索取号:I565.44/F0489] | 在馆 | |
| 2 | 621719 | 206217191 | 社科二线400B/108文学库 65排7列3层/ [索取号:I565.44/F0489] | 在馆 | |
| 3 | 621720 | 206217208 | 文学库116/116文学库 23排4列3层/ [索取号:I565.44/F0489] | 在馆 |